MARC

LEADER 00000nam0a2200000 4500
001 108306
005 20231031115603.0
010 |a 1842652915 
035 |a (RuTPU)RU\TPU\book\116917 
090 |a 108306 
100 |a 20070118d2006 k y0engy50 ba 
101 0 |a eng 
102 |a GB 
105 |a y z 001zy 
200 1 |a New Engineering Mathematics. Vol. 1  |f A. Ch. Babu, C. R. Seshan 
210 |a Oxford  |c Alpha Science International Ltd.  |d 2006 
215 |a 327 p. 
320 |a Index : p. 324-326. 
610 1 |a математика 
610 1 |a прикладная математика 
610 1 |a вычислительные методы 
610 1 |a решение 
610 1 |a задачи 
610 1 |a английский язык 
675 |a 51-7  |v 3 
700 1 |a Babu  |b A. Ch.  |g Chandra 
701 1 |a Seshan  |b C. R. 
801 1 |a RU  |b 63413507  |c 20070118  |g PSBO 
801 2 |a RU  |b 63413507  |c 20100625  |g PSBO 
942 |c BK 
959 |a 2/20070117  |d 1  |e 1001,65  |f ЧЗИЛ:1